00798nam a2200229Ia 4500003000900000008004100009020001800050040001600068080001800084100002800102245011800130260004800248300001300296490004800309650002100357650002500378650002000403650002600423942000700449999001700456952009500473IN-BaIIA211028s9999 xx 000 0 eng d a0-521-55213-3 cIIA Library a523.4bBRU-II aBrush, Stephen G913676 0aTransmuted pastbthe age of the earth and the evolution of the elements from Lyell to PattersoncStephen G. Brush aCambridgebCambridge University Pressc1996 ax, 134p. aA History of modern planetary physics; v. 2 aEarth-age924937 aEarth-history924938 aNucleosynthesis aStar evolution924939 cBK c14163d14163 00104070aBANbBANcGENd2001-07-09l0o523.4/ BRU-IIp15083r2021-11-05w2001-07-09yBK